000 00406nam a2200157Ia 4500
003 GCL
008 140319s9999 xx 000 0 eng d
040 _aGCL /
_cGCL
082 0 4 _a862.08
_bA C
100 1 _aALDECOA, IGNACIO
245 1 0 _aCUENTAS COMPLETAS 1 /
_cALDECOA, IGNACIO
260 _a[S.N] :
_bEL LIBRO DE BOLSILLO ،
_c1985
300 _a448
650 0 4 _aSPANISH LITERATURE
942 _2ddc
_cBK
999 _c10542
_d10542